书目信息 |
| 题名: |
糖尿病百草良方
|
|
| 作者: | 张德芹 , 周鹏 , 欧丽娜 主编 ;李俊青 编 | |
| 分册: | ||
| 出版信息: | 福州 福建科学技术出版社 2009.09 |
|
| 页数: | 12,158页 | |
| 开本: | 21cm | |
| 丛书名: | “百草良方图文本”系列 | |
| 单 册: | ||
| 中图分类: | R289.5 | |
| 科图分类: | ||
| 主题词: | 糖尿病--验方 , 糖尿病 | |
| 电子资源: | ||
| ISBN: | 978-7-5335-3341-0 | |
| 000 | 01034oam2 2200313 450 | |
| 001 | 012004387593 | |
| 005 | 20091221095210.97 | |
| 010 | @a978-7-5335-3341-0@dCNY15.00 | |
| 100 | @a20091203d2009 em y0chiy0110 ea | |
| 101 | 0 | @achi |
| 102 | @aCN@b350000 | |
| 105 | @aa z 001yy | |
| 106 | @ar | |
| 200 | 1 | @a糖尿病百草良方@9tang niao bing bai cao liang fang@f张德芹,周鹏,欧丽娜主编@g李俊青[等]编 |
| 210 | @a福州@c福建科学技术出版社@d2009.09 | |
| 215 | @a12,158页@d21cm | |
| 225 | 2 | @a“百草良方图文本”系列 |
| 320 | @a有索引 | |
| 330 | @a本书以图文本的形式重点介绍了治疗糖尿病富有中医药优势和特色的疾病验方,分为中药方、成药方和药膳方,并附设索引。 | |
| 461 | 0 | @12001 @a“百草良方图文本”系列@1701 0@a高学敏@4总主编 |
| 606 | 0 | @a糖尿病@x验方 |
| 606 | 0 | @a糖尿病 |
| 690 | @aR289.5@v4 | |
| 701 | 0 | @a张德芹@9zhang de qin@4主编 |
| 701 | 0 | @a周鹏@9zhou peng@4主编 |
| 701 | 0 | @a欧丽娜@9ou li na@4主编 |
| 702 | 0 | @a李俊青@9li jun qing@4编 |
| 801 | 0 | @aCN@bNLC@c20091221 |
| 905 | @b20797736-41@dR289.5@e247@f6 | |
| 糖尿病百草良方/张德芹,周鹏,欧丽娜主编/李俊青[等]编.-福州:福建科学技术出版社,2009.09 |
| 12,158页;21cm.-(“百草良方图文本”系列) |
| ISBN 978-7-5335-3341-0:CNY15.00 |
| 本书以图文本的形式重点介绍了治疗糖尿病富有中医药优势和特色的疾病验方,分为中药方、成药方和药膳方,并附设索引。 |
| ● |
| 相关链接 |
|
|
|
|
正题名:糖尿病百草良方
索取号:R289.5/247
 
预约/预借
| 序号 | 登录号 | 条形码 | 馆藏地/架位号 | 状态 | 备注 |
| 1 | 797736 | 207977368 | 第二样本阅览室/ [索取号:R289.5/247] | 在馆 | |
| 2 | 797737 | 207977377 | 教育系资料室/ [索取号:R289.5/247] | 在馆 | |
| 3 | 797738 | 207977386 | 第三借阅区/ [索取号:R289.5/247] | 在馆 | |
| 4 | 797739 | 207977395 | 教育系资料室/ [索取号:R289.5/247] | 在馆 | |
| 5 | 797740 | 207977402 | 教育系资料室/ [索取号:R289.5/247] | 在馆 | |
| 6 | 797741 | 207977411 | 第三借阅区/ [索取号:R289.5/247] | 在馆 |